Responses for show #8330 - Friday, February 5, 2021

Contestants

[<< previous game]

Leah Wiegand, a stay-at-home mom originally from Asheville, North Carolina

Rob Kim, an attorney from Portland, Oregon

Stuart Crane, a product line manager from Kalispell, Montana (whose 1-day cash winnings total $21,800)

[next game >>]

Jeopardy! Round responses

CITY PLANNING
RONALD REAGAN
(Ken: Honoring his 110th birthday tomorrow.)
PLAY CHARACTERS
DAY, DRINKING
FROM THE GRIDIRON TO TV
FISHING FOR THE RIGHT WORD
    $200 11
green

Stuart
    $200 27
Illinois

Rob
    $200 24
Chekhov

Rob
    $200 1
(Stuart: DAY, DRINKING for $200.)
[Ken and audience chuckle]
(Ken: You look like you're in the mood.)

a cocktail

Rob
    $200 9
(Ken: That's right. Go, Huskies.)

the University of Washington

Rob
    $200 13
a perch

Stuart
    $400 12
zoning

Leah
    $400 28
Bonzo

Stuart
    $400 25
Eliza Doolittle

Leah
    $400 2
(Rob: What is rum?)

absinthe

StuartRob
    $400 8
Strahan

Rob
    $400 19
salmon

Rob
    $600 14
(Leah: What are greenways?)

parkways

Leah
Triple Stumper
    $600 16
governor of California

Triple Stumper
    $600 26
baseball

Stuart
    $600 3
moonshine

Stuart
    $600 5
Ed O'Neill

Rob
    $600 20
carp

Leah
    $800 15
the Seine

Rob
    $800 17
Nancy Davis

Rob
    $800 29
Harry Potter and the Cursed Child

Triple Stumper
    $800 4
Burns

Rob
    $800 6
Terry Crews

Rob
    $800 21
a smelt

Triple Stumper
    $1000 23
Malaysia

Stuart
    $1000 18
(Rob: Who are the hostages of Beirut?)

the Iranian hostages

RobLeah
    $1,400 30
(Stuart: What is Boys Town?)

Doubt

Stuart
    $1000 10
Beaujolais

Stuart
    $1000 7
(Rob: Who is Mr. T?)
(Stuart: Who is Lyle Alzado?)
...
(Ken: Apollo Creed himself, [*].)

Carl Weathers

StuartRob
Triple Stumper
    $1000 22
(Stuart: What is [**]?)
(Ken: Yes. We were looking for [*], but we will accept [**].)

pike (dart)

Stuart

Scores at the first commercial break (after clue 15):

Stuart Rob Leah
$1,400 $2,400 -$200

Scores at the end of the Jeopardy! Round:

Stuart Rob Leah
$3,000 $3,000 $1,800

Double Jeopardy! Round responses

DOCTOR HOW
ISLANDS
CORPORATE NAMES
MOVIE MAGIC
ARTISTS
"HAND"Y PHRASES
    $400 17
the kidney

Rob
    $400 12
Long Island

Leah
    $400 20
Jennie-O

Leah
    $400 26
Mary Poppins

Rob
    $400 6
Leonardo

Rob
    $400 2
a hand-me-down

Leah
    $800 27
the aorta

Stuart
    $800 13
(Stuart: What is Great Britain?)

Ireland

Stuart
Triple Stumper
    $800 21
Casper

Rob
    $800 22
Doctor Strange

Rob
    $800 7
Grandma Moses

Rob
    $800 1
(Rob: What is hand-held?)
(Stuart: What is touch-typing?)

hands-on

StuartRob
Triple Stumper
    $1200 28
ribs

Stuart
    $1200 14
Cyprus

Rob
    $1200 11
Airbnb

Stuart
    $1200 23
Hocus Pocus

Rob
    $1200 8
Rembrandt

Rob
    $1200 3
eating out your hand

Leah
    $1600 29
(Rob: What are the quads?)

the hamstrings

RobLeah
    $1600 15
Bahrain

Leah
    $3,000 18
Xerox

Rob
    $1600 24
Now You See Me

Triple Stumper
    $1600 9
Michelangelo

Leah
    $1600 4
the laying on of hands

Triple Stumper
    $4,000 30
a rhinoplasty

Leah
    $2000 16
Cozumel

Stuart
    $2000 19
Glaxo

Leah
    $2000 25
The Prestige

Rob
    $2000 10
the Golden Calf

Rob
    $2000 5
the hand that rocks the cradle

Leah

Scores at the end of the Double Jeopardy! Round:

Stuart Rob Leah
$6,600 $14,800 $17,000

[wagering suggestions for these scores]

Final Jeopardy! Round responses

POPES & HISTORY
(Ken: As you might imagine, we're looking for a Catholic invasion of a Protestant country.)
StuartWhat?
$0
RobWhat are The Ottomans?
$2,201
LeahWhat are the Knights Templar?
$0
the Spanish Armada

Final scores:

Stuart Rob Leah
$6,600 $12,599 $17,000
3rd place: $1,000 2nd place: $2,000 New champion: $17,000

Game dynamics:

Coryat scores:

Stuart Rob Leah
$8,000 $13,400 $15,000
13 R,
4 W
(including 1 DD)
23 R
(including 1 DD),
5 W
14 R
(including 1 DD),
1 W

Combined Coryat: $36,400

The J! Archive is created by fans, for fans. The Jeopardy! game show and all elements thereof, including but not limited to copyright and trademark thereto, are the property of Jeopardy Productions, Inc. and are protected under law. This website is not affiliated with, sponsored by, or operated by Jeopardy Productions, Inc. Join the discussion at JBoard.tv.